000 004830000a22001930004500
001 003640
003 MACL
005 20150911134659.0
008 150911b xxu||||| |||| 00| 0 eng d
040 _aMACL
_cMACL
041 _aEnglish
082 _a823/BAN
100 _aBndyopadhyay, Tarashankar
_910114
245 _aArogyaniketan
_cTarashankar Bndyopadhyay
260 _aNew Delhi
_c1996
_bSahitya Akademi,
350 _a110
650 _aFiction
_910115
942 _k823
_cBK
_2ddc
999 _c15537
_d15537